书目信息 |
| 题名: |
中国新文学大系
|
|
| 作者: | 赵家璧 主编 | |
| 分册: | 第三集 文学论争集 | |
| 出版信息: | 上海 上海文艺出版社 1980 |
|
| 页数: | 578页 | |
| 开本: | 21cm | |
| 丛书名: | 中国现代文学史资料丛书 | |
| 单 册: | ||
| 中图分类: | I211 , I209 | |
| 科图分类: | ||
| 主题词: | 文学--作品--中国--1927~1937--选集 , 散文--中国--1927~1937--选集 , 文学--中国 | |
| 电子资源: | ||
| ISBN: | ||
| 000 | 00882oam2 2200289 450 | |
| 001 | 1539683242 | |
| 005 | 20150121110230.79 | |
| 010 | @dCNY4.00 | |
| 091 | @a10078.3170@b精装@dCNY3.20 | |
| 100 | @a20100109d1980 em y0chiy0121 ea | |
| 101 | 0 | @achi |
| 102 | @aCN@b310000 | |
| 105 | @ay z 000yy | |
| 200 | 1 | @a中国新文学大系@9zhong guo xin wen xue da xi@h第三集@i文学论争集@f赵家璧主编 |
| 205 | @a影印本 | |
| 210 | @a上海@c上海文艺出版社@d1980 | |
| 215 | @a578页@d21cm | |
| 225 | 2 | @a中国现代文学史资料丛书@9zhong guo xian dai wen xue shi zi liao cong shu@h乙种 |
| 461 | 0 | @12001 @a中国现代文学史资料丛书 |
| 606 | 0 | @a文学@x作品@y中国@z1927~1937@x选集 |
| 606 | 0 | @a散文@y中国@z1927~1937@x选集 |
| 606 | 0 | @a文学@x中国 |
| 690 | @aI211@v5 | |
| 690 | @aI209@v4 | |
| 701 | 0 | @a赵家璧@9zhao jia bi@4主编 |
| 801 | 0 | @aCN@bTSSF@c20150121 |
| 905 | @aZUCC@dI209@eJY18:3 | |
| 中国新文学大系.第三集.文学论争集/赵家璧主编.-影印本.-上海:上海文艺出版社,1980 |
| 578页;21cm.-(中国现代文学史资料丛书.乙种) |
| ISBN :CNY4.00 |
| ● |
| 相关链接 |
|
|
|
|
正题名:中国新文学大系
索取号:I209/JY18:3
 
预约/预借
| 序号 | 登录号 | 条形码 | 馆藏地/架位号 | 状态 | 备注 |
| 1 | 7856979 | 278569791 | 学院路分馆/ [索取号:I209/JY18:3] | 在馆 | |
| 2 | 7856980 | 278569808 | 学院路分馆/ [索取号:I209/JY18:3] | 在馆 |